Carteggio : 1949-1970 /

Gespeichert in:
Bibliographische Detailangaben
Hauptverfasser: Palazzeschi, Aldo (Verfasst von), Picchi, Mario, (1927-1996) (Verfasst von)
Weitere Verfasser: D'Oria, Anna Grazia (Herausgegeben von)
Format: Buch
Sprache:Italienisch
Veröffentlicht: Roma : [Firenze] : Edizioni di storia e letteratura ; Università degli studi di Firenze, 2021
Schriftenreihe:Carte Palazzeschi Università degli studi di Firenze
Schlagworte:
Tags: Tag hinzufügen
Keine Tags, Fügen Sie das erste Tag hinzu!

MARC

LEADER 00000nam a2200000 i 4500
001 IT\ICCU\PAV\0184791
003 ItRI
005 20260115232159.0
008 210913s2021 it |||||| ||||| |||||c
020 |a 9788893595667 (Ed. di storia e letteratura) 
020 |a 9788893595674 (digitale) 
040 |b ita  |c importazione bologna sebina 
041 7 |a ita  |2 ISO-639-2 
082 |a 853.912  |9 NARRATIVA ITALIANA, 1900-1945  |2 23 
100 1 |a Palazzeschi, Aldo  |0 IT\ICCU\CFIV\010556  |4 aut 
245 1 0 |a Carteggio :  |b 1949-1970 /  |c Aldo Palazzeschi, Mario Picchi ; a cura di Anna Grazia D'Oria. 
260 |a Roma :  |b Edizioni di storia e letteratura ;  |a [Firenze] :  |b Università degli studi di Firenze,  |c 2021 
300 |a XXXVIII, 206 p., [12] carte di tav. :  |b ill. ;  |c 24 cm 
500 |a Seguono, in appendice: Carteggio Margherita-Mario Picchi; Scritti di Mario Picchi su Aldo Palazzeschi 
500 |a Trascrizione dei manoscritti conservati presso la Biblioteca cantonale di Lugano e il Dipartimento di lettere e filosofia dell'Università degli studi di Firenze 
650 7 |a Palazzeschi, Aldo  |x Carteggi [con] Picchi, Mario  |x 1949-1970  |2 nsbncf 
700 1 |a D'Oria, Anna Grazia  |0 IT\ICCU\CFIV\009954  |4 edt 
700 1 |a Picchi, Mario,  |d  (1927-1996)  |0 IT\ICCU\CFIV\012889  |4 aut 
790 1 |a Giurlani, Aldo  |3 IT\ICCU\CFIV\010558  |z Palazzeschi, Aldo 
830 0 |a Carte Palazzeschi  |a Università degli studi di Firenze  |0 IT\ICCU\MIL\0417037 
942 |2 ddc  |c BK  |n 0 
952 |0 0  |1 0  |4 0  |6 DOC_856_914000000000000_PAL  |7 0  |9 21491  |a BO  |b BO  |d 2026-01-15  |i 20386  |l 0  |o DOC 856.914 PAL  |p BO20386  |r 2026-01-15 23:21:59  |w 2026-01-15  |x [Sebina 5] [1 v.]  |y BK  |z 1 v. 
999 |c 18348  |d 18348